Sách tra cứu tóm tắt về sinh lý thực vật

Sách tra cứu trình bày những dữ liệu về đặc tính của các chất có nguồn gốc thực vật, về đặc điểm của những quá trình sinh lý và hóa sinh chủ yếu xảy ra trong cơ thể thực vật. Đồng thời giới thiệu những tài liệu chủ yếu về các p...

وصف كامل

محفوظ في:
التفاصيل البيبلوغرافية
المؤلف الرئيسي: Grodzinxki, A.M.
التنسيق: كتاب
اللغة:Undetermined
منشور في: Hà Nội Khoa học và Kỹ thuật 1981
الموضوعات:
الوسوم: إضافة وسم
لا توجد وسوم, كن أول من يضع وسما على هذه التسجيلة!
Thư viện lưu trữ: Trung tâm Học liệu Trường Đại học Cần Thơ
LEADER 01090nam a2200193Ia 4500
001 CTU_138953
008 210402s9999 xx 000 0 und d
082 |a 581.1 
082 |b G873 
100 |a Grodzinxki, A.M. 
245 0 |a Sách tra cứu tóm tắt về sinh lý thực vật 
245 0 |c A.M. Grodzinxki, Đ. M. Grodzinxki; Nguyễn Ngọc Tân 
260 |a Hà Nội 
260 |b Khoa học và Kỹ thuật 
260 |c 1981 
520 |a Sách tra cứu trình bày những dữ liệu về đặc tính của các chất có nguồn gốc thực vật, về đặc điểm của những quá trình sinh lý và hóa sinh chủ yếu xảy ra trong cơ thể thực vật. Đồng thời giới thiệu những tài liệu chủ yếu về các phương pháp nghiên cứu sinh trưởng và phát triển của thực vật. 
650 |a Plant physiology,Sinh lí thực vật 
904 |i Năm 
980 |a Trung tâm Học liệu Trường Đại học Cần Thơ